000 01155nam a22003257a 4500
003 CHAP
005 20220329135614.0
008 971013s1994 r 00010 d
010 _a39204
011 _a40176
035 _a44301
040 _cCHAP
090 _aTesis
100 0 0 _aMosso Ortega, María del Rosario.
_979045
245 _aZonificación agroclimática para el cultivo de chile manzano (Capsicum pubescens, Ruiz & Pavón), en la sierra norte de Puebla
260 _aChapingo, Méx. :
_bEl autor,
_c1994
300 _a106 h.
_b: ilus. ; gráfs
502 _aTesis (Ing. Agr. Esp. en Fitotecnia) -- UACH. Departamento de Fitotecnia
590 _aALEPH
_b10
_c20130110
_lUCH01
_h1306
590 _aBATCH-UPD
_b10
_c20130110
_lUCH01
_h1638
590 _aBATCH-UPD
_b10
_c20130410
_lUCH01
_h1029
590 _aBATCH-UPD
_b10
_c20130914
_lUCH01
_h0923
590 _aCONVERSION
_b10
_c20130109
_lUCH01
_h1322
650 1 4 _aChile (Botánica)
_xPuebla.
_922387
650 1 4 _aCultivos
_xZonas de.
_930340
901 _aBK
942 _cFOLL
949 _bBC
_cTES
_d-101507
_eTS1
_h27763
_i44301
_si
949 _bBC
_cTES
_d-101508
_eTS2
_fc.2
_h27764
_i44301
_si
999 _c39204
_d39204